000
00324nam a22001337a 4500
008
181008b xxu||||| |||| 00| 0 eng d
020
_a
9780256112184
041
_a
eng
080
_2
5th
_a
338
100
_a
54
101
_a
MO
245
_a
Operations Management Continuous Improvement
_c
Schonberger,R.J
942
_2
udc
_c
BK
999
_c
48993
_d
48993